Rozhovor s jerejom Mariánom Kovaľom

Bibliographic Details
Main Authors: Varga, Zdenko (Author, Interviewer), Kovaľ, Marián (Author)
Format: Article
Language:Slovak
PhysicalDescription:Fotogr.
ISSN:1335-6739
Subjects:

MARC

LEADER 00000nab a2200000 a 4500
001 vtls009007569
003 SK-MaSNL
005 20260303065448.0
008 070716c2006 xo mr p 000 00slo
015 |a SNBRB2007/07 
038 |a SVKPO 
040 |a SVKPO  |b slo  |c SVKPO  |e AACR2 
041 0 |a slo 
044 |a xo  |c SK 
080 |a 2-051  |2 2001 
080 |a 271.2-7(437.6)  |2 2001 
080 |a 244  |2 2001 
080 |a 929 Kovaľ, Marián  |2 2001 
100 1 |a Varga, Zdenko  |4 aut  |4 ivr  |9 1050303 
245 1 0 |a Rozhovor s jerejom Mariánom Kovaľom  |c Zdenko Varga 
300 |b Fotogr. 
600 1 7 |a Kovaľ, Marián  |x diakon  |x vysviacky  |2 svkpocl  |9 1065545 
610 2 7 |a Katedrálny chrám sv. Alexandra Nevského (Prešov, Slovensko)  |2 svkpocl  |9 184150 
650 0 7 |a pravoslávne cirkvi  |z Slovensko  |2 svkpocl  |9 1032627 
650 0 7 |a náboženstvo  |2 svkpocl  |9 2023 
651 7 |a Prešov (Slovensko)  |2 svkpocl  |9 17347 
655 7 |a biografie  |2 svkpocl  |9 27965 
700 1 |a Kovaľ, Marián  |4 aut  |4 ive  |9 7284 
773 0 |t Istyna = Istina  |g Roč. XI, apríl (2006), s. 18-20  |x 1335-6739 
852 |a SVKPO  |b KIS3GCP 
958 |a UK 
958 |a RN 
958 |a NT 
958 |a SK 
958 |a BX 
999 |c 1751275  |d 1753205